|
|
|
|
| LEADER |
00000nam a22000007a 4500 |
| 005 |
20131009165642.0 |
| 007 |
cr|||| |||| |
| 008 |
131009s2012 co |||||s|||| 00||0 spa d |
| 020 |
|
|
|a 978-958-8371-32-0
|
| 035 |
|
|
|a 11534
|
| 040 |
|
|
|a vLex
|
| 090 |
|
|
|c 4525
|d 4525
|
| 245 |
0 |
0 |
|a Estatuto Tributario de Barranquilla
|h [Recurso electrn̤ico]
|
| 256 |
|
|
|a Servicio en ln̕ea
|
| 260 |
|
|
|a Bogot:̀
|b Editorial Nueva Legislacin̤,
|c 2012
|
| 300 |
|
|
|a 1 recurso elecrn̤ico
|
| 506 |
1 |
|
|a Contenido solo disponible en los productos indicados
|d vLex Global
|d vLex Global (Academic Edition, excluding Law Schools)
|d vLex Global (U.S. Academic Edition, Law Schools)
|d vLex Global (U.S. Academic Edition, excluding Law Schools)
|d vLex Global (Academic Edition, Law Schools)
|
| 650 |
0 |
4 |
|a Impuestos
|z Colombia
|
| 650 |
0 |
4 |
|a Derecho Tributario
|z Colombia
|
| 740 |
0 |
|
|a vLex Libros (Servicio en ln̕ea)
|
| 856 |
4 |
0 |
|u http://vlex.com/source/estatuto-tributario-barranquilla-11534
|z Acceso restringido
|
| 942 |
|
|
|c BOOK
|
| 999 |
0 |
|
|a Taxation
|